| 000 | 01058nam a2200325 a 4500 | ||
|---|---|---|---|
| 001 | vtls000351979 | ||
| 003 | NLI | ||
| 005 | 20210602165743.0 | ||
| 008 | 110113s2009 ii e 001 0 eng d | ||
| 020 |
_a9780070677333 _cN.P. |
||
| 039 | 9 |
_y201101132018 _zVLOAD |
|
| 040 |
_aNLI : _beng _cNLMARC21 |
||
| 041 | 0 | _aeng | |
| 044 | _aii | ||
| 082 | 0 | 4 |
_a332.1 _222 |
| 100 | 1 |
_aRhyne, Elisabeth _9518438 |
|
| 245 | 1 | 0 |
_aMicrofinance for bankers and investors : _bunderstanding the opportunities and challenges of the market at the bottom of the pyramid/ _cElisabeth Rhyne |
| 260 |
_aNew Delhi : _bTata McGraw-Hill Education, _c2009 |
||
| 300 |
_axiv, 330p.; _c23 cm. |
||
| 504 | _aIncludes bibliographical references and index: p.299-330 | ||
| 650 | 0 |
_aMicrofinance _969464 |
|
| 650 | 0 |
_aBankers _xMicrofinance _9518439 |
|
| 887 | _aSanjib Karmakar | ||
| 901 |
_aDB 115062 _b30.11.09 |
||
| 902 | _aE 332.1 R 349 | ||
| 904 | _aSanjib Karmakar | ||
| 942 |
_2ddc _cBKS |
||
| 949 |
_AVIRTUAITEM _D10000 _X100 _6DBA000115062ENG |
||
| 999 |
_aVIRTUA40 _c307828 _d307828 |
||